Procesal penal. garantías y principios procesales / 2 :

Guardado en:
Autor Principal: Cortazar, María Graciela
Otros Autores: Ares, José Luis, d'Empaire, Eduardo., de la Cruz, Nicolás, Giuliani, Gabriel, Foglia, Sebastian Luis, Del Cero, Mauricio Dario, Kiefl, Germán, Carnevale, Carlos A., Marrón, María Gabriela, Krotter, Laura Gimena
Formato: Libro
Idioma:Spanish
Publicado: Bahía Blanca : Ediuns, 2013.
Edición:1a. ed.
Materias:
Etiquetas: Agregar Etiqueta
Sin Etiquetas, Sea el primero en etiquetar este registro!
LEADER 01004nam a22003015a 4500
001 DER.der012674
008 180615s2013####ag#||||||||||||||#||spa||
005 20251006101114.0
245 1 0 |a Procesal penal.  |n 2 :  |b garantías y principios procesales /  |c María Graciela Cortazar...[et. al.]. 
250 |a 1a. ed. 
260 |a Bahía Blanca :  |b Ediuns,  |c 2013. 
300 |a 250 p. 
020 |a 9789871907274 
100 1 |a Cortazar, María Graciela 
700 1 |a Ares, José Luis 
700 1 |a d'Empaire, Eduardo. 
700 1 |a de la Cruz, Nicolás 
700 1 |a Giuliani, Gabriel 
700 1 |a Foglia, Sebastian Luis 
700 1 |a Del Cero, Mauricio Dario 
700 1 |a Kiefl, Germán 
700 1 |a Carnevale, Carlos A. 
700 1 |a Marrón, María Gabriela 
700 1 |a Krotter, Laura Gimena 
650 7 |a DERECHO PROCESAL PENAL 
859 |a DERECHO  |b BIB. DERECHO  |h 345.05  |i PRO  |p 001799 
859 |a DERECHO  |b BIB. DERECHO  |h 345.05  |i PRO  |p 001873  |t 1 
859 |a DERECHO  |b BIB. DERECHO  |h 345.05  |i PRO  |p 007527  |t 2